Life on the highest plane : (Record no. 7435)

MARC details
000 -LEADER
fixed length control field 01175pam a2200289 a 4500
001 - CONTROL NUMBER
control field 4453088
003 - CONTROL NUMBER IDENTIFIER
control field GBCCL
005 - DATE AND TIME OF LATEST TRANSACTION
control field 20241126110628.0
008 - FIXED-LENGTH DATA ELEMENTS--GENERAL INFORMATION
fixed length control field 950809r19961983miua b 001 0 eng
010 ## -
-- 95038173
020 ## - INTERNATIONAL STANDARD BOOK NUMBER
International Standard Book Number 0825434610
040 ## - CATALOGING SOURCE
Original cataloging agency DLC
Transcribing agency DLC
Modifying agency DLC
050 00 -
-- BV4501.2
-- .P3623 1996
082 00 - DEWEY DECIMAL CLASSIFICATION NUMBER
Classification number 248
Edition information 20
Item number PAX
100 1# - MAIN ENTRY--PERSONAL NAME
Personal name Paxson, Ruth.
9 (RLIN) 6361
245 10 - TITLE STATEMENT
Title Life on the highest plane :
Remainder of title God's plan for spiritual maturity /
Statement of responsibility, etc. Ruth Paxson.
260 ## - PUBLICATION, DISTRIBUTION, ETC.
Place of publication, distribution, etc. Grand Rapids, MI :
Name of publisher, distributor, etc. Kregel Publications,
Date of publication, distribution, etc. 1996.
300 ## - PHYSICAL DESCRIPTION
Extent 504 p. :
Other physical details ill. ;
Dimensions 22 cm.
500 ## - GENERAL NOTE
General note "Three volumes on one."
500 ## - GENERAL NOTE
General note Originally published: Grand Rapids, Mich. : Baker Books, 1983.
504 ## - BIBLIOGRAPHY, ETC. NOTE
Bibliography, etc. note Includes bibliographical references (p. 490-494) and index.
505 0# - FORMATTED CONTENTS NOTE
Formatted contents note Pt. 1. The person and work of Christ -- Pt. 2. The relation between Christ and the Christian -- Pt. 3. The believer's response to the Holy Spirit's inworking.
650 #0 - SUBJECT ADDED ENTRY--TOPICAL TERM
Topical term or geographic name entry element Christian life.
9 (RLIN) 183
906 ## - LOCAL DATA ELEMENT F, LDF (RLIN)
a 7
b cbc
c orignew
d 1
e ocip
f 19
g y-gencatlg
942 ## - ADDED ENTRY ELEMENTS (KOHA)
Source of classification or shelving scheme Dewey Decimal Classification
Koha item type Books
Koha issues (borrowed), all copies 1
Holdings
Withdrawn status Lost status Source of classification or shelving scheme Damaged status Not for loan Home library Current Library Shelving location Date acquired Total checkouts Full call number Barcode Date last seen Date last checked out Copy number Price effective from Koha item type
    Dewey Decimal Classification     GRACE BIBLE COLLEGE GRACE BIBLE COLLEGE Ministry & Mission 2018-08-07 1 248 PAX 002564 2025-05-01 2019-01-10 v.1 2018-08-07 Books
© Grace Bible College Library 2025